| 000 | 00356nam a22001577a 4500 | ||
|---|---|---|---|
| 003 | SGT | ||
| 020 | _a978-81-85731-77-3 | ||
| 082 |
_a615.19 _bM17S |
||
| 100 | _aSINGH, HARKISHAN | ||
| 245 | _aMEDICINAL AND PHARMACEUTICAL CHEMISTRY | ||
| 250 | _a3RD | ||
| 260 |
_aDELHI _bVALLABH PUB _c2017 |
||
| 300 | _a854 | ||
| 650 | _aPHARMACY | ||
| 942 |
_2ddc _cBK _080 |
||
| 999 |
_c15367 _d15367 |
||